Public Communication in Business and the Professions (Record no. 15211)
[ view plain ]
| 000 -LEADER | |
|---|---|
| fixed length control field | 00465nam a22001577a 4500 |
| 020 ## - INTERNATIONAL STANDARD BOOK NUMBER | |
| International Standard Book Number | 0829904 17 4 |
| 082 ## - DEWEY DECIMAL CLASSIFICATION NUMBER | |
| Classification number | 808.5024658 KOE |
| 100 ## - MAIN ENTRY--PERSONAL NAME | |
| Personal name | Koehler W Jerry |
| 9 (RLIN) | 7356 |
| 245 ## - TITLE STATEMENT | |
| Title | Public Communication in Business and the Professions |
| 260 ## - PUBLICATION, DISTRIBUTION, ETC. | |
| Place of publication, distribution, etc. | New York |
| Name of publisher, distributor, etc. | West |
| Date of publication, distribution, etc. | 1981 |
| 300 ## - PHYSICAL DESCRIPTION | |
| Extent | ix, 215 p |
| Other physical details | ill, :25cm |
| 500 ## - GENERAL NOTE | |
| General note | includes index |
| 650 ## - SUBJECT ADDED ENTRY--TOPICAL TERM | |
| Topical term or geographic name entry element | Public Communication in Business and the Professions |
| 9 (RLIN) | 7357 |
| 700 ## - ADDED ENTRY--PERSONAL NAME | |
| Personal name | Sisco, John I |
| 9 (RLIN) | 7358 |
| 942 ## - ADDED ENTRY ELEMENTS (KOHA) | |
| Koha item type | Books |
| Withdrawn status | Lost status | Damaged status | Not for loan | Collection code | Home library | Current library | Shelving location | Date acquired | Source of acquisition | Total Checkouts | Full call number | Barcode | Date last seen | Price effective from | Koha item type |
|---|---|---|---|---|---|---|---|---|---|---|---|---|---|---|---|
| Non-fiction | IFM Main Campus Library | IFM Main Campus Library | Archival Collection | 09/23/2021 | Purchase | 808.5024658 KOE | 0000006632 | 02/02/2016 | 02/19/2022 | Books |
